[Event "SVK-chT 0910"]
[Site "Slovakia"]
[Date "2009.10.25"]
[Round "2"]
[White "Peterson, Eric"]
[Black "Kubala, Jan"]
[Result "1-0"]
[WhiteElo "2242"]
[BlackElo "2235"]
[PlyCount "77"]
[EventDate "2009.10.24"]
[EventType "team-tourn"]
[EventRounds "11"]
[EventCountry "SVK"]
[SourceTitle "EXT 2019"]
[Source "ChessBase"]
[SourceDate "2018.10.10"]
[SourceVersion "1"]
[SourceVersionDate "2018.10.10"]
[SourceQuality "1"]
[WhiteTeam "Kezmarok"]
[BlackTeam "Trencin"]
[WhiteTeamCountry "SVK"]
[BlackTeamCountry "SVK"]

1. e4 e6 2. d4 d5 3. Nc3 Nf6 4. e5 Nfd7 5. Nf3 c5 6. dxc5 Nc6 7. Bf4 Bxc5 8. Bd3 a6 9. 0-0 b5 10. Re1 Qb6 11. Qd2 Be7 12. a3 Nc5 13. Bf1 Bd7 14. b4 Na4 15. Nxa4 bxa4 16. c4 dxc4 17. Bxc4 Rd8 18. Be3 Qb8 19. Bxa6 0-0 20. Qc2 Nxe5 21. Nxe5 Qxe5 22. Bb6 Qg5 23. Bxd8 Bxd8 24. Rad1 Bb5 25. Bxb5 Qxb5 26. Qc5 Qb7 27. Rd6 Qb8 28. Rd7 Bf6 29. Qc7 Qb5 30. Qb7 Qc4 31. Qe4 Qa2 32. Rd3 Qb2 33. Qe2 Qxe2 34. Rxe2 Rc8 35. g3 Kf8 36. Rd7 Rc3 37. Re3 Rc2 38. Rf3 Rb2 39. Kg2 1-0

[Event "SVK-chT 0809"]
[Site "Slovakia"]
[Date "2009.01.18"]
[Round "7"]
[White "Kubala, Jan"]
[Black "Debnar, Lubos"]
[Result "1/2-1/2"]
[WhiteElo "2216"]
[BlackElo "2316"]
[PlyCount "47"]
[EventDate "2008.10.25"]
[EventType "team-tourn"]
[EventRounds "11"]
[EventCountry "SVK"]
[SourceTitle "EXT 2019"]
[Source "ChessBase"]
[SourceDate "2018.10.10"]
[SourceVersion "1"]
[SourceVersionDate "2018.10.10"]
[SourceQuality "1"]
[WhiteTeam "Trencin"]
[BlackTeam "Nitra"]
[WhiteTeamCountry "SVK"]
[BlackTeamCountry "SVK"]

1. e4 c5 2. Nf3 d6 3. d4 cxd4 4. Nxd4 Nf6 5. Nc3 a6 6. Be2 e5 7. Nb3 Be7 8. Be3 Be6 9. f3 0-0 10. Qd2 Nbd7 11. 0-0-0 Nb6 12. g4 Rc8 13. g5 Nh5 14. Rhg1 Qc7 15. Kb1 g6 16. Bd3 Rfe8 17. Qf2 Nc4 18. Bxc4 Qxc4 19. Nd5 Bxd5 20. Rxd5 b5 21. h4 Qc7 22. Rgd1 Bf8 23. Nc1 Qc6 24. Qd2 1/2-1/2

[Event "SVK-chT 0809"]
[Site "Slovakia"]
[Date "2009.01.17"]
[Round "5"]
[White "Kubala, Jan"]
[Black "Kovacik, Emil"]
[Result "0-1"]
[WhiteElo "2216"]
[BlackElo "2156"]
[PlyCount "98"]
[EventDate "2008.10.25"]
[EventType "team-tourn"]
[EventRounds "11"]
[EventCountry "SVK"]
[SourceTitle "EXT 2019"]
[Source "ChessBase"]
[SourceDate "2018.10.10"]
[SourceVersion "1"]
[SourceVersionDate "2018.10.10"]
[SourceQuality "1"]
[WhiteTeam "Trencin"]
[BlackTeam "Dubnica nad Vahom"]
[WhiteTeamCountry "SVK"]
[BlackTeamCountry "SVK"]

1. e4 c5 2. Nf3 Nc6 3. d4 cxd4 4. Nxd4 g6 5. Nc3 Bg7 6. Be3 Nf6 7. Bc4 0-0 8. h3 Nxe4 9. Nxc6 Nxc3 10. Nxd8 Nxd1 11. Rxd1 Rxd8 12. c3 d6 13. 0-0 Bd7 14. Bg5 Re8 15. Rfe1 Kf8 16. Re2 h6 17. Be3 Bc6 18. f3 Red8 19. Red2 Rdc8 20. Bb3 b5 21. Bd4 a5 22. a3 Rab8 23. Bxg7+ Kxg7 24. Rd4 Rc7 25. Re1 Rd7 26. Bd5 Bxd5 27. Rxd5 e6 28. Rd4 d5 29. Kf2 Rc7 30. Ke3 b4 31. cxb4 axb4 32. a4 Kf6 33. Kd3 Rc5 34. f4 Ke7 35. Ke3 Kd6 36. Rf1 Rc2 37. Rd2 b3 38. Rff2 Rc4 39. Rd4 Rbb4 40. Rxc4 Rxc4 41. Kd3 Kc5 42. Rf1 Rc2 43. g4 Rxb2 44. Kc3 Rh2 45. Kxb3 Rxh3+ 46. Kb2 Rg3 47. a5 Rxg4 48. Kb3 Kb5 49. Ra1 Ka6 0-1

[Event "SVK-chT1W 0809"]
[Site "Slovakia"]
[Date "2009.01.11"]
[Round "7.1"]
[White "Kubala, Jan"]
[Black "Federic, Jozef"]
[Result "1-0"]
[WhiteElo "2216"]
[BlackElo "2239"]
[PlyCount "89"]
[EventDate "2008.10.18"]
[EventType "team-tourn"]
[EventRounds "11"]
[EventCountry "SVK"]
[SourceTitle "EXT 2010"]
[Source "ChessBase"]
[SourceDate "2010.11.25"]
[SourceVersion "1"]
[SourceVersionDate "2010.11.25"]
[SourceQuality "1"]
[WhiteTeam "Bratislava Slovan III"]
[BlackTeam "Budmerice"]
[WhiteTeamCountry "SVK"]
[BlackTeamCountry "SVK"]

1. e4 c5 2. Nf3 e6 3. d4 cxd4 4. Nxd4 Nf6 5. Nc3 Nc6 6. Be3 Bb4 7. Bd3 d5 8. exd5 Nxd5 9. Nxc6 bxc6 10. Bd2 Nxc3 11. bxc3 Bd6 12. Qg4 Qf6 13. 0-0 Bd7 14. Rad1 e5 15. Qe4 Qe6 16. Be3 Be7 17. f3 g6 18. Qa4 c5 19. Bb5 Rd8 20. Rxd7 Rxd7 21. Rd1 Bd6 22. Qxa7 Ke7 23. Qxd7+ Qxd7 24. Bxd7 Kxd7 25. Bxc5 Kc6 26. Bxd6 Rd8 27. Kf2 Rxd6 28. Rxd6+ Kxd6 29. Ke3 f5 30. a4 Kc5 31. Kd3 h6 32. h4 Kb6 33. c4 Kc6 34. a5 Kc5 35. c3 Kc6 36. a6 Kb6 37. c5+ Kxa6 38. Kc4 g5 39. hxg5 hxg5 40. Kd5 e4 41. fxe4 f4 42. e5 g4 43. Ke4 f3 44. gxf3 g3 45. Ke3 1-0